EIZ Working Papers (Record no. 7977)
[ view plain ]
| 000 -LEADER | |
|---|---|
| fixed length control field | nas a22 7u 4500 |
| 001 - CONTROL NUMBER | |
| control field | WIIW0000058 |
| 003 - CONTROL NUMBER IDENTIFIER | |
| control field | OSt |
| 005 - DATE AND TIME OF LATEST TRANSACTION | |
| control field | 20171113173238.0 |
| 008 - FIXED-LENGTH DATA ELEMENTS--GENERAL INFORMATION | |
| fixed length control field | 171113c20079999xxu|||m| |||| 00| || d |
| 022 ## - INTERNATIONAL STANDARD SERIAL NUMBER | |
| International Standard Serial Number | 1846-4238 |
| 040 ## - CATALOGING SOURCE | |
| Transcribing agency | OSt |
| 110 2# - MAIN ENTRY--CORPORATE NAME | |
| Corporate name or jurisdiction name as entry element | Ekonomski Institut Zagreb |
| 245 1# - TITLE STATEMENT | |
| Title | EIZ Working Papers |
| 246 11 - VARYING FORM OF TITLE | |
| Title proper/short title | Radni materijali EIZ-a |
| 260 ## - PUBLICATION, DISTRIBUTION, ETC. | |
| Place of publication, distribution, etc. | Zagreb, |
| Date of publication, distribution, etc. | 2007- |
| 856 40 - ELECTRONIC LOCATION AND ACCESS | |
| Uniform Resource Identifier | <a href="http://www.eizg.hr">http://www.eizg.hr</a> |
| 942 ## - ADDED ENTRY ELEMENTS (KOHA) | |
| Koha item type | Periodical |
| Source of classification or shelving scheme | Other/Generic Classification Scheme |
No items available.
